Intraoral digital impressions for virtual occlusal records section quantity and dimensions /

The purpose of this study was to locate the 3D spatial position mandibular cast and determine its occlusal contacts in a novel way by using an intraoral scanner as part of the virtual occlusal record procedure. This study also analyzes the requirements in quantity and dimensions of the intraoral vir...

Teljes leírás

Elmentve itt :
Bibliográfiai részletek
Szerzők: Solaberrieta Eneko
Garmendia Asier
Brizuela Aritza
Otegi Jose Ramon
Pradies Guillermo
Szentpétery András
Dokumentumtípus: Cikk
Megjelent: Hindawi Publishing Corporation 2016
Sorozat:BIOMED RESEARCH INTERNATIONAL 2016
doi:10.1155/2016/7173824

mtmt:3030034
Online Access:http://publicatio.bibl.u-szeged.hu/12266
LEADER 01722nab a2200265 i 4500
001 publ12266
005 20200326160808.0
008 171113s2016 hu o 0|| zxx d
022 |a 2314-6133 
024 7 |a 10.1155/2016/7173824  |2 doi 
024 7 |a 3030034  |2 mtmt 
040 |a SZTE Publicatio Repozitórium  |b hun 
041 |a zxx 
100 1 |a Solaberrieta Eneko 
245 1 0 |a Intraoral digital impressions for virtual occlusal records  |h [elektronikus dokumentum] :  |b section quantity and dimensions /  |c  Solaberrieta Eneko 
260 |a Hindawi Publishing Corporation  |c 2016 
300 |a Terjedelem: 7 p.-Azonosító: 7173824 
490 0 |a BIOMED RESEARCH INTERNATIONAL  |v 2016 
520 3 |a The purpose of this study was to locate the 3D spatial position mandibular cast and determine its occlusal contacts in a novel way by using an intraoral scanner as part of the virtual occlusal record procedure. This study also analyzes the requirements in quantity and dimensions of the intraoral virtual occlusal record. The results showed that the best section combination consists of 2 lateral and frontal sections, the width of this section being that of 2 teeth (24 mm x 15 mm). This study concluded that this procedure was accurate enough to locate the mandibular cast on a virtual articulator. However, at least 2 sections of the virtual occlusal records were necessary, and the best results were obtained when the distance between these sections was maximum. 
700 0 1 |a Garmendia Asier  |e aut 
700 0 1 |a Brizuela Aritza  |e aut 
700 0 1 |a Otegi Jose Ramon  |e aut 
700 0 1 |a Pradies Guillermo  |e aut 
700 0 1 |a Szentpétery András  |e aut 
856 4 0 |u http://publicatio.bibl.u-szeged.hu/12266/1/3030034.pdf  |z Dokumentum-elérés